Психология или Душесловие за децата (Запис номер 59083)
[ съкратено ]
| 000 -Лидер | |
|---|---|
| Контролно поле с фиксирана дължина | 01669nam a2200373 c 4500 |
| 003 - Код на организацията, давaща контролен номер | |
| Контролно поле | BLK |
| 005 - Дата и час на последна редакция | |
| Контролно поле | 20180422102225.0 |
| 008 - Елементи от данни с фиксирана дължина | |
| fixed length control field | 180408b bul|||||r ||||||| ||bul|| |
| 010 ## - Наследен системен номер | |
| LC control number | KNG00063159000 |
| 040 ## - Източник на каталожния запис | |
| Идентификатор на билиотеката - собственик на записа | BLK |
| 041 ## - Код за език | |
| Код за езика на текст/звукозапис или на отделно заглавие | Български |
| Код за езика КДБФ | Български |
| 072 #7 - Код за тематичната категория | |
| Код организация | bullib |
| Код за тематична категория | С |
| Текст | Старопечатен фонд |
| 080 ## - УДК | |
| Текстов определител УДК | Психология на детската възраст. Интелектуално развитие на децата. Психически особености. Детски представи, описани в разкази |
| УДК код - определител по УДК | 159.922.7 |
| УДК определител | |
| УДК - код + определител | 159.922.7 |
| 100 1# - Редна дума - Автор | |
| Автор | Галаудет, Томас Хопкинс |
| Авторска отговорност | първи автор |
| R(LIN) | 50732 |
| 139 ## - Редно поле | |
| Редна дума | Галаудет, Томас Хопкинс |
| Авторски знак | Гал - Г 18 |
| 245 10 - Сведения за заглавието | |
| Заглавие | Психология или Душесловие за децата |
| Подзаглавни данни | Разговори между майка и син |
| Редно поле (дума) | Томас Хопкинс Галаудет; прев. Ботьо Петков. |
| 250 ## - Област на изданието | |
| Сведения за изданието | 3. изд |
| 257 ## - Страна на издаване | |
| Страна на създаване/издаване | България |
| 260 ## - Област на издателските данни | |
| -- | Цариград |
| Година на издаване | 1861 |
| Печатница | Цариград : В книгопечатницата на А. Минасова |
| 300 ## - Физическа характеристика | |
| Страници | 137 с. |
| Размери/Мащаб | 17 см |
| 380 ## - Жанр | |
| Жанр | Философия |
| 500 ## - Общи забележки | |
| Забележка | Авт. и прев. са взети от БВК, т. 1 |
| 650 #4 - Допълнително описание по предмет – тема | |
| Основно описание – тема или топоним | Психология - популярна литература |
| 9 (RLIN) | 288660 |
| 653 ## - Ключова дума – ненормативна | |
| Ключова дума | психология |
| 653 ## - Ключова дума – ненормативна | |
| Ключова дума | деца |
| 653 ## - Ключова дума – ненормативна | |
| Ключова дума | научно-популярни книги |
| 659 ## - Тематичен бюлетин | |
| Тематичен бюлетин | С |
| 700 1# - Други автори (авторска отговорност) | |
| Лично име | Петков, Ботьо |
| Автороска отговорност (Описва отношението между автора и произведението) | прев. |
| 9 (RLIN) | 369716 |
| 852 ## - Местоположение | |
| Форматна сигнатура | Цб Ст 5996 * 572 |
| 856 4# - Електронен адрес и достъп | |
| Електронен формат | pdf - файл |
| Път до файла /url/ | |
| 856 4# - Електронен адрес и достъп | |
| Електронен формат | pdf - файл |
| Път до файла /url/ | |
| 942 ## - АРТИКУЛИ | |
| Вид на библиотечния материал | Книги |
| Скрит в OPAC | Не |
| 944 ## - СЪЗДАВАНЕ И РЕДАКЦИЯ на ЗАПИСА | |
| Създаване/Редакция | Създаване |
| Дата на регистрацията/редакция | 18.08.2014 |
| Служител, извършил регистрацията/редакцията | Христина_Везирева |
| 944 ## - СЪЗДАВАНЕ И РЕДАКЦИЯ на ЗАПИСА | |
| Създаване/Редакция | Редакция |
| Дата на регистрацията/редакция | 18.08.2014 |
| Служител, извършил регистрацията/редакцията | |
| 999 ## - СИСТЕМНИ КОНТРОЛНИ НОМЕРА | |
| Koha biblionumber | 59083 |
| Koha biblioitemnumber | 59083 |
| Код за отписване | Код за изгубен артикул | Източник на класификационната схема | Код за повреда | Коз за рестрикции | Код за отдаване | Артикулен № | Име на библиотеката - собственик | Име на библиотеката, в която се намира в момента | Статус (Текущо местоположение) | Дата на вписване в системата | Местоположение - отдел | Цена в лева | Инвентарен номер | Систематично азбучна сигнатура | Баркод | Номер на екземпляра | Цена в евро | Служебна бележка | Служебен тип на артикула |
|---|---|---|---|---|---|---|---|---|---|---|---|---|---|---|---|---|---|---|---|
| Не е изгубен | Universal Decimal Classification | Не е повреден | само за читалня | Специални фондове ( старопечатни, редки и ценни, фонд М. Арнаудов) | 96197 | Регионална библиотека "Любен Каравелов" Русе | Регионална библиотека "Любен Каравелов" Русе | Старопечатен фонд | 1861-01-01 | Старопечатен фонд | 3.00 | 138143-ст | Цб Ст 5996 * 572 | 900000000571 | 1 | 1.53 | Дост: DA Вид: Сф Дата: 01.01.1861 Дата инв: 02.04.2018 Бележки инв: СТ2018 | Книги |